000 00716nam a2200241Ia 4500
003 OSt
005 20220927105030.0
006 a|||||r|||| 00| 0
007 ta
008 220926b |||||||| |||| 00| 0 eng d
024 _a169468
037 _cReference Collections
040 _aRTL
_cRTL
_beng
041 _2eng
_aeng
082 _a"X5.275k, N74r, L4/GD"
110 _aBombay Chamber of commerce and Industry.
_9369714
245 0 _aReport of the committee.
260 _aBombay
_bB.C.C.I.
_c1974
300 _axii; 564p.
_ccm.
700 _aBombay Chamber of commerce and Industry.
_9369715
942 _h"X5.275k, N74r, L4/GD"
_cCC
999 _c690371
_d690371